ਮੇਰਾ ਰੂਸੀ ਸਫ਼ਰਨਾਮਾ / (Record no. 110781)

MARC details
000 -LEADER
fixed length control field 00925nam a22002537a 4500
005 - DATE AND TIME OF LATEST TRANSACTION
control field 20170123164157.0
010 ## - LIBRARY OF CONGRESS CONTROL NUMBER
LC control number A-844224
020 ## - INTERNATIONAL STANDARD BOOK NUMBER
Terms of availability 100.00
035 ## - SYSTEM CONTROL NUMBER
System control number A-844224
037 ## - SOURCE OF ACQUISITION
Source of stock number/acquisition Cen Lib/Ret
040 ## - CATALOGING SOURCE
Original cataloging agency DPL
Language of cataloging PN
082 ## - DEWEY DECIMAL CLASSIFICATION NUMBER
Classification number 910 .4
Item number ਸਾਹਨੀ
100 ## - MAIN ENTRY--PERSONAL NAME
Personal name ਬਲਰਾਜ ਸਾਹਨੀ
9 (RLIN) 138209
245 ## - TITLE STATEMENT
Title ਮੇਰਾ ਰੂਸੀ ਸਫ਼ਰਨਾਮਾ /
Statement of responsibility, etc ਬਲਰਾਜ ਸਾਹਨੀ
246 ## - VARYING FORM OF TITLE
Title proper/short title Mera rusi safarname /
Remainder of title by Balraj Sahani
260 ## - PUBLICATION, DISTRIBUTION, ETC. (IMPRINT)
Place of publication, distribution, etc ਦਿੱਲੀ
Name of publisher, distributor, etc ਆਰਸੀ ਪਬਲਿਸ਼ਰਜ਼
Date of publication, distribution, etc 1997
270 ## - ADDRESS
Address ਚਾਂਚਨੀ ਚੈਕ
City ਦਿੱਲੀ
300 ## - PHYSICAL DESCRIPTION
Extent 379p ;
Dimensions 20cm
650 ## - SUBJECT ADDED ENTRY--TOPICAL TERM
Topical term or geographic name as entry element ਭਾਰਤ ਨੂੰ -- ਵੇਰਵਾ ਅਤੇ ਯਾਤਰਾ
9 (RLIN) 138210
650 ## - SUBJECT ADDED ENTRY--TOPICAL TERM
Topical term or geographic name as entry element ਯਾਤਰਾ
9 (RLIN) 138211
650 ## - SUBJECT ADDED ENTRY--TOPICAL TERM
Topical term or geographic name as entry element India -- Description and travel
9 (RLIN) 26587
650 ## - SUBJECT ADDED ENTRY--TOPICAL TERM
Topical term or geographic name as entry element travel
9 (RLIN) 25007
942 ## - ADDED ENTRY ELEMENTS (KOHA)
Source of classification or shelving scheme Dewey Decimal Classification
Koha item type Punjabi Bks
Classification part 910.4
Call number suffix ਸਾਹਨੀ
Holdings
Withdrawn status Lost status Damaged status Not for loan Home library Current library Date acquired Source of acquisition Cost, normal purchase price Total Checkouts Total Renewals Full call number Barcode Date last seen Date checked out Copy number Cost, replacement price Price effective from Koha item type
        Central Library Central Library 08/02/2016 Cen Lib/Ret 100.00 2 2 910 .4 ਸਾਹਨੀ A-844224 07/03/2023 22/02/2023 1 100.00 08/02/2016 Punjabi Bks

© Delhi Public Library
Hit Counter
free hit counter